| 000 | 00596nam a2200205 4500 | ||
|---|---|---|---|
| 999 |
_c124982 _d124982 |
||
| 005 | 20211217095005.0 | ||
| 008 | 211217b ||||| |||| 00| 0 eng d | ||
| 020 | _a9781119382928 | ||
| 040 | _cPK-LaUMT | ||
| 082 |
_a612 _bTOR-T |
||
| 100 | _aTortora, Gerard J. | ||
| 245 |
_aTortora's principles of anatomy physiology / _cby Gerard J. Tortora and Bryan Derrickson |
||
| 250 | _aGlobal ed. | ||
| 260 |
_aSingapore : _bJohn Wiley, _c2017 |
||
| 300 |
_a989 p. _eStudy guide 195 p. |
||
| 650 | _aHuman anatomy | ||
| 650 | _aHuman physiology | ||
| 650 | _aHumans physiology | ||
| 942 | _cBK | ||